Central Library OPAC University of Rajshahi

Coping with COVID-19 in Bangladesh : (Record no. 79698)

MARC details
000 -LEADER
fixed length control field 00877nam a2200277 a 4500
001 - CONTROL NUMBER
control field 79698
003 - CONTROL NUMBER IDENTIFIER
rucl marc code BD-RjUL
005 - DATE AND TIME OF LATEST TRANSACTION
control field 20250731153532.0
008 - FIXED-LENGTH DATA ELEMENTS--GENERAL INFORMATION
fixed length control field 220417s2021 bg ||||| |||| 00| 0 ben d
035 ## - SYSTEM CONTROL NUMBER
System control number (BD-RjUL)79698
040 ## - CATALOGING SOURCE
Original cataloging agency BD-RjUL
Language of cataloging eng
Transcribing agency BD-RjUL
041 ## - LANGUAGE CODE
Language code of text/sound track or separate title eng
082 ## - DEWEY DECIMAL CLASSIFICATION NUMBER
Edition number 23
Classification number 362.1962414
Author mark and year COP 2021
245 ## - TITLE STATEMENT
Title Coping with COVID-19 in Bangladesh :
Remainder of title Assessment of Relief Delivery /
Statement of responsibility, etc. Mustafizur Rahman ...[et al.]
260 ## - PUBLICATION, DISTRIBUTION, ETC. (IMPRINT)
Place of publication, distribution, etc. Dhaka :
Name of publisher, distributor, etc. Centre for policy dialogue,
Date of publication, distribution, etc. 2021
300 ## - PHYSICAL DESCRIPTION
Pagination 135 p.:
Illustrations ill.;
Size 22 cm.
650 ## - SUBJECT ADDED ENTRY--TOPICAL TERM
Topical term or geographic name as entry element COVID-19 (Disease)
9 (RLIN) 1526
Topical term or geographic name as entry element Food
General subdivision Safety measures
9 (RLIN) 2463
700 ## - ADDED ENTRY--PERSONAL NAME
Personal name Rahman, Mustafizur
Personal name Khan, Towfiqul Islam
Personal name Kamal, Muntaseer
Personal name Alam, Marfia
Personal name Hossain, Md. Sabbir
Personal name Sabbih, Mostafa Amir
942 ## - ADDED ENTRY ELEMENTS (KOHA)
Source of classification or shelving scheme Dewey Decimal Classification
Koha item type Books
Holdings
Lost status Source of classification or shelving scheme Damaged status Not for loan Collection code Permanent Location Current Location Shelving location Date acquired Source of acquisition Total Checkouts Full call number Date last seen Copy number Koha item type
  Dewey Decimal Classification   Not For Loan Non-fiction Central Library, University of Rajshahi Central Library, University of Rajshahi Reading Room 09/03/2022 Author   362.1962414 COP 2021 17/04/2022 C-1 Books
  Dewey Decimal Classification     Non-fiction Central Library, University of Rajshahi Central Library, University of Rajshahi General Stacks 28/07/2025 Author   362.1962414 COP 2021 31/07/2025 C-1 Books